The value of urban design : a research project commissioned by CABE and DETR to examine the value added by good urban design. (Record no. 101152)
[ view plain ]
| 000 -LEADER | |
|---|---|
| fixed length control field | 01542cad a2200349 4500 |
| 001 - CONTROL NUMBER | |
| control field | 0727729810 |
| 008 - FIXED-LENGTH DATA ELEMENTS--GENERAL INFORMATION | |
| fixed length control field | 000000n2001 000 0 eng u |
| 020 ## - INTERNATIONAL STANDARD BOOK NUMBER | |
| International Standard Book Number | 0727729810 |
| 035 ## - SYSTEM CONTROL NUMBER | |
| System control number | (Sirsi) u110883 |
| 050 ## - LIBRARY OF CONGRESS CALL NUMBER | |
| Classification number | 711.52 |
| 110 ## - MAIN ENTRY--CORPORATE NAME | |
| Corporate name or jurisdiction name as entry element | Commission for Architecture and the Built Environment |
| 9 (RLIN) | 4058 |
| 245 #4 - TITLE STATEMENT | |
| Title | The value of urban design : a research project commissioned by CABE and DETR to examine the value added by good urban design. |
| 260 ## - PUBLICATION, DISTRIBUTION, ETC. | |
| Place of publication, distribution, etc. | London |
| Name of publisher, distributor, etc. | Thomas Telford |
| Date of publication, distribution, etc. | 2001 |
| 300 ## - PHYSICAL DESCRIPTION | |
| Extent | 111p. |
| Other physical details | ill. |
| Dimensions | 30cm. |
| 350 ## - PRICE (NR) (BK AM CF MU VM SE) [OBSOLETE] | |
| Price | 25.00 |
| 520 ## - SUMMARY, ETC. | |
| Summary, etc. | The research, undertaken by the Bartlett School of Planning at University College London, was based on a literature and research review and case studies of selected commercial developments. It assesses the benefits of good urban design including higher rental levels, lower maintenance costs and public support. View at www.cabe.org.uk. |
| 650 ## - SUBJECT ADDED ENTRY--TOPICAL TERM | |
| Topical term or geographic name entry element | CASTLE WHARF |
| 650 ## - SUBJECT ADDED ENTRY--TOPICAL TERM | |
| Topical term or geographic name entry element | NOTTINGHAM |
| 650 ## - SUBJECT ADDED ENTRY--TOPICAL TERM | |
| Topical term or geographic name entry element | STANDARD COURT |
| 650 ## - SUBJECT ADDED ENTRY--TOPICAL TERM | |
| Topical term or geographic name entry element | BRINDLEYPLACE |
| 650 ## - SUBJECT ADDED ENTRY--TOPICAL TERM | |
| Topical term or geographic name entry element | BIRMINGHAM |
| 650 ## - SUBJECT ADDED ENTRY--TOPICAL TERM | |
| Topical term or geographic name entry element | WATERFRONT BUSINESS PARK |
| 650 ## - SUBJECT ADDED ENTRY--TOPICAL TERM | |
| Topical term or geographic name entry element | DUDLEY |
| 650 ## - SUBJECT ADDED ENTRY--TOPICAL TERM | |
| Topical term or geographic name entry element | BARBIROLLI SQUARE |
| 650 ## - SUBJECT ADDED ENTRY--TOPICAL TERM | |
| Topical term or geographic name entry element | MANCHESTER |
| 650 ## - SUBJECT ADDED ENTRY--TOPICAL TERM | |
| Topical term or geographic name entry element | EXCHANGE QUAY |
| 650 ## - SUBJECT ADDED ENTRY--TOPICAL TERM | |
| Topical term or geographic name entry element | SALFORD |
| 690 ## - LOCAL SUBJECT ADDED ENTRY--TOPICAL TERM (OCLC, RLIN) | |
| Topical term or geographic name as entry element | REGENERATION |
| 710 ## - ADDED ENTRY--CORPORATE NAME | |
| Corporate name or jurisdiction name as entry element | United Kingdom |
| Subordinate unit | Department of the Environment, Transport and the Regions |
| 9 (RLIN) | 3507 |
| 856 ## - ELECTRONIC LOCATION AND ACCESS | |
| Uniform Resource Identifier | <a href="https://webarchive.nationalarchives.gov.uk/20110118095356/http://www.cabe.org.uk/files/the-value-of-urban-design.pdf">https://webarchive.nationalarchives.gov.uk/20110118095356/http://www.cabe.org.uk/files/the-value-of-urban-design.pdf</a> |
| Hours access method available | View the report at webarchive.nationalarchives.gov.uk |
| 942 ## - ADDED ENTRY ELEMENTS (KOHA) | |
| Suppress in OPAC | 0 |
| Withdrawn status | Lost status | Source of classification or shelving scheme | Damaged status | Not for loan | Home library | Current library | Shelving location | Date acquired | Total Checkouts | Full call number | Barcode | Date last seen | Copy number | Price effective from | Koha item type |
|---|---|---|---|---|---|---|---|---|---|---|---|---|---|---|---|
| Dewey Decimal Classification | Virtual | Virtual | Online | 28/05/2003 | ONLINE PUBLICATION | 110883-2001 | 06/08/2019 | 1 | 06/08/2019 | Book |